LEADER 01095nam a2200229 i 4500 001 000000224604 003 CaOOAMICUS 005 20131106000000.0 008 131106s1957 xx u000 u fre u 013 $a203502 040 $aSeMil$bita 100 1 $aMasson, Charles.$0(OLS)http://semarc/name/32041 245 10$aLes deux Épitres de Saint Paul aux Thessaloniciens /$cCharles Masson. 260 $aNeuchatel (Suisse) :$bDelachaux et Niestlé,$ccopyr. 1957. 300 $a116 p. ;$c25 cm. 490 0 $aCommentaire du Nouveau Testament [Delachaux et Niestlé]v11.1 650 4$aBibbia - NT - Lettere ai Tessalonicesi - Commentari, studi, critica, interpretazioni.$0(OLS)http://semarc/subject/16269 830 0$aCommentaire du Nouveau Testament ;$v11.1.$0(OLS)http://semarc/title/39435 850 $aSeMil 852 $aSeMil$W1$xVenegono$y1$m2V V 121$j174950$B174950$CSeMilBibl$Z2$F184953 $81 996 $6245$aLes deux Épitres de Saint Paul aux Thessaloniciens$9(OLS)http://semarc/title/321878 996 $6260$aNeuchatel (Suisse) :$bDelachaux et Niestlé$9(OLS)http://semarc/publisher/30796 LEADER 01243nam a2200301 i 4500 001 000000074041 003 CaOOAMICUS 005 20251106091021.0 008 061117s1951 it u000 u ita u 040 $aSeMil$bita 100 1 $aGrimm, Jacob,$d<1785-1863>.$0(OLS)http://semarc/name/36746 245 13$aLe fiabe del focolare /$cJacob e Wilhelm Grimm ; prefazione di Giuseppe Cocchiara ; traduzione di Clara Bovero. 250 $a8. Ed. 264 1$aTorino :$bGiulio Einaudi,$c1951. 300 $aXVII, 652 p., [10] c. di tav. ;$c22 cm. 490 1 $aI millenni 500 $aIn custodia 700 1 $aBovero, Clara,$d<1924- >.$0(OLS)http://semarc/name/34178 700 1 $aCocchiara, Giuseppe,$d<1904-1965>.$0(OLS)http://semarc/name/34733 700 1 $aGrimm, Wilhelm,$d<1786-1859>.$0(OLS)http://semarc/name/36747 830 2$aI millenni.$0(OLS)http://semarc/title/7877 850 $aSeMil 852 $aSeMil$W1$xVenegono$y1$m1U VI 29$j240033$B40193$CSeMilBibl$Z2$F40197 $81 941 1 $a1 961 $aOmaggio: Ciprandi dott. Paolo 996 $6245$aLe fiabe del focolare$9(OLS)http://semarc/title/120130 996 $6264$aTorino :$bGiulio Einaudi$9(OLS)http://semarc/publisher/29810 LEADER 00532nab a2200145 i 4500 001 000000280732 003 CaOOAMICUS 005 20140204000000.0 008 140204n xx uu u0 0und r 013 $a32904 040 $aSeMil$bita 245 12$aI 60 anni della tv. - 24 p. - Titolo dalla copertina. - Fascicolo in formato .pdf. 500 $aGennaio 2014. 773 0 $t[2014.$dRoma : CiSCS, copyr. 2014.$w()227954 996 $6245$aI 60 anni della tv. - 24 p. - Titolo dalla copertina. - Fascicolo in formato .pdf.$9(OLS)http://semarc/title/363650